ბათუმის შოთა რუსთაველის სახელმწიფო უნივერსიტეტის ბიბლიოთეკა

კოლხეთი ძვ.წ. VI-IV სს. ბერძნული ახალშენები დასავლეთ საქართველოში = Colchis in the 6th-4th cc. B.C. The Greek Settlements in Western Georgia / (ბიბ.ჩანაწერი № 60022)

000 -ლიდერი
ფიქსირებული სიგრძის საკონტროლო ველი 01101nam a22002177a 4500
003 - საკონტროლო ნომრის იდენტიფიკატორი
საკონტროლო ველი Ge_BSU
005 - ბოლო ოპერაციის თარიღი და დრო
საკონტროლო ველი 20230530180028.0
008 - ფიქსირებული სიგრძის მონაცემთა ელემენტები - ზოგადი ინფორმაცია
ფიქსირებული სიგრძის საკონტროლო ველი 230530s2009 ge ||||| |||| 00| 0 geo d
020 ## - წიგნის საერთაშორისო სტანდარტული ნომერი
International Standard Book Number 9789941126352
041 ## - ენის კოდი
Language code of text/sound track or separate title geo
080 ## - უნივერსალური ათობითი კლასიფიკაციის ინდექსი
Universal Decimal Classification number 94(395.3)+902.2(395.3) დ-91
100 ## - მთავარი ჩანაწერი - პიროვნების სახელი
Personal name დუნდუა, თედო
9 (RLIN) 3483
245 ## - ცნობა სათაურის შესახებ
Title კოლხეთი ძვ.წ. VI-IV სს. ბერძნული ახალშენები დასავლეთ საქართველოში = Colchis in the 6th-4th cc. B.C. The Greek Settlements in Western Georgia /
Statement of responsibility, etc თედო დუნდუა ; [რედ. გიორგი დუნდუა].
264 ## - წარმოების, გამოცემის, დისტრიბუციის და სხვა ცნობები
გამოცემის, წარმოების, დისტრიბუციის... ადგილი თბილისი
გამოცემის, წარმოების, დისტრიბუციის... სახელწოდება უნივერსალი,
გამოცემის, წარმოების, დისტრიბუციის... თარიღი 2009.
300 ## - ფიზიკური აღწერა
Extent 50გვ. :
Other physical details ტაბ. ;
Dimensions 20სმ.
500 ## - ზოგადი შენიშვნა
General note ტექტის ქართ. და ინგლ.
504 ## - BIBLIOGRAPHY, ETC. NOTE
Bibliography, etc ბიბლიოგრ.: გვ. 19-21.
653 ## - INDEX TERM--UNCONTROLLED
Uncontrolled term კოლხეთის ისტორია
653 ## - INDEX TERM--UNCONTROLLED
Uncontrolled term ბერძნული ახალშენები კოლხეთში.
942 ## - ADDED ENTRY ELEMENTS (KOHA)
Source of classification or shelving scheme
Koha item type წიგნი
ეგზემპლარები
ჩამოწერის სტატუსი დაკარგული ეგზემპლარის სტატუსი კლასიფიკაციის წყარო ან თაროზე გაწყობის სქემა დაზიანების სტატუსი არ გაიცემა მუდმივი მდებარეობა (დაცვის ადგილი) ამჟამინდელი ადგილსამყოფელი თაროზე განთავსების ადგილი შეძენის თარიღი ღირებულება, შესყიდვის ნორმალური ფასი სრული შენახვის შიფრი შტრიხკოდი ბოლო ოპერაციის თარიღი ეგზემპლარის მიმდევრობითი ნომერი (კეტერი?) Uniform Resource Identifier ფასის ძალაში შესვლის თარიღი ეგზემპლარის სახეობა საჯარო შენიშვნა
          ბათუმის შოთა რუსთაველის სახელმწიფო უნივერსიტეტის მთავარი ბიბლიოთეკა ბათუმის შოთა რუსთაველის სახელმწიფო უნივერსიტეტის მთავარი ბიბლიოთეკა წიგნსაცავი 2023-05-30 3.00 94(395.3)+902.2(395.3) დ-91 64448 2023-05-30 64448 ბსუ-ს საპატიო დოქტორის გურამ ლორთქიფანიძის საჩუქარი 2023-05-30 წიგნი 3 ლ.